000 00602nam a2200241Ia 4500
003 OSt
005 20220924142506.0
006 a|||||r|||| 00| 0
007 ta
008 ASM
024 _a302186
037 _cTextual
040 _aARTS
_cARTS
_bASM
041 _2ASM
_aASM
082 _aO13,1D30,2, 158M6
100 _aHomar
_9213478
245 0 _aOdichhi
260 _c1986
650 _aGREEK LITERATURE
700 _a Chakraborti Amulya Kumar Tr.
_9213479
942 _hO13,1D30,2, 158M6
_cTEXL
_2CC
999 _c450920
_d450920